01396cam a22003614i 4500003000900000005001700009008004100026020001500067035002700082040003300109082002200142100003500164245011800199264005000317300006900367336002100436337002500457338002300482504002800505505035200533526001000885526001000895526001000905526001000915526000800925526000800933526000800941526000800949526000800957526000800965526000800973630005300981PE-LiUPU20250731173005.0150623s r 000 0 d a080102174X a(Sirsi) i9780801021749 aPE-LiUPUbspacPE-LiUPUerda04a222.1061bA372211 aAlexander, T. Desmond,eautor.10aFrom paradise to the promised land: an introduction to the main themes of the Pentateuch /cT. desmond alexander. 1aGrand Rapids, Michigan :bBaker Books,c1998. a227 páginas :bilustraciones diagrs, mapas ;c23 centímetros atext2rdacontent aunmediated2rdamedia avolume2rdacarrier aIncluye bibliografía.0 aA Brief Survey of the Pntateuch.- The Royal Lineage in Genesis.- Paradise Lost.- The Blessing of the Nations.- By Faith Abraham.- Who is the Lord?.- The Passover.- The Convenant at Sinai.- The Tabernacle.- Be Holy.- The Sacrificial System.- The Clean and the Unclean Foods.- Towards the Promised Land.- Murmurings.- Love and Loyalty.- Why Isreal?. aSEG42 aSEG41 aSEG40 aSEG39 aP94 aP87 aP86 aP85 aP77 aP76 aP35 aBiblia.pA.T.xCrítica, interpretación, etc.